Word Addition Click Quiz #6 - Statistics

General Stats
  • This quiz has been taken 5,590 times
  • The average score is 15 of 20
Answer Stats
Hint Extra Hint Answer % Correct
OXY + MORON
88%
IMP + ROVE
88%
OPERA + TOR
87%
TRIP + LET
83%
PAPA + YA
83%
SLOG + AN
82%
ARE + NA
79%
BA + SIN
79%
ACE + TONE
79%
PRO + MO
76%
CYBER + PUNK
76%
FUN + GAL
74%
MANA + TEE
74%
BO + UGH
73%
REE + QUIP
72%
CON + DO
70%
BACKS + TOP
69%
ALBA + CORE
64%
FAT + WAS
36%
JET + TYING
21%
No matching quizzes found
Score Distribution
Percent of People with Each Score
Percentile by Number Answered
Your Score History
You have not taken this quiz